Hungarian Cities by their Slovak Names - Statistics

General Stats
  • This quiz has been taken 29 times
  • The average score is 11 of 15
Answer Stats
Slovak city name Hungarian city name % Correct
Budapešť Budapest
100%
Debrecín Debrecen
100%
Miškovec Miskolc
96%
Segedín Szeged
96%
Níreďháza Nyíregyháza
83%
Ráb Győr
74%
Päťkostolie Pécs
74%
Bezprím Veszprém
70%
Békešská Čaba Békéscsaba
65%
Stoličný Belehrad Székesfehérvár
61%
Veľká Kaniža Nagykanizsa
57%
Ostrihom Esztergom
52%
Banská Stará Tatabánya
48%
Jáger Eger
43%
Kamenec Szombathely
39%
No matching quizzes found
Score Distribution
Percent of People with Each Score
Percentile by Number Answered
Your Score History
You have not taken this quiz